Madoffove pyramídy

Negatívny príklad gréckej ekonomiky. Bernard Lawrence Madoff pripravil investorov a mnohé banky o miliardy USD. Prijímanie nepopulárnych sociálnych opatrení a škrtanie verejných výdavkov. Riešenia významných ekonómov.

Gespeichert in:
Bibliographische Detailangaben
1. Verfasser: Pavelka, Ľuboš, 1962-
Format: Buchkapitel
Sprache:Slowakisch
Schlagworte:
Tags: Tag hinzufügen
Keine Tags, Fügen Sie das erste Tag hinzu!

MARC

LEADER 00000naa$a2200000$$$4500
001 0113643
005 20240502072249.9
041 0 |a slo 
044 |a SK 
245 1 0 |a Madoffove pyramídy  |c Ľuboš Pavelka 
520 |a Negatívny príklad gréckej ekonomiky. Bernard Lawrence Madoff pripravil investorov a mnohé banky o miliardy USD. Prijímanie nepopulárnych sociálnych opatrení a škrtanie verejných výdavkov. Riešenia významných ekonómov. 
610 2 0 |a Grécko 
610 2 0 |a situácia hospodárska 
610 2 0 |a podvody 
610 2 0 |a kriminalita finančná 
610 2 0 |a dlhy štátne 
610 2 0 |a rozpočty verejné 
610 2 0 |a politika finančná 
610 2 0 |a inflácia 
100 1 |a Pavelka, Ľuboš, 1962-